| 000 | 00701nam a2200241Ia 4500 | ||
|---|---|---|---|
| 003 | OSt | ||
| 005 | 20220927105028.0 | ||
| 006 | a|||||r|||| 00| 0 | ||
| 007 | ta | ||
| 008 | 220926b |||||||| |||| 00| 0 eng d | ||
| 024 | _a187652 | ||
| 037 | _cReference Collections | ||
| 040 |
_aRTL _cRTL _beng |
||
| 041 |
_2eng _aeng |
||
| 082 | _a"X62.21.N61r, K1/GD" | ||
| 110 |
_aMADRAS SAFE DEPOSIT COMPANY LTD. _9369646 |
||
| 245 | 0 | _a26th annual report 1961. | |
| 260 |
_aMadras _bMSDC _c1961 |
||
| 300 |
_a16p. _ccm. |
||
| 700 |
_aMADRAS SAFE DEPOSIT COMPANY LTD. _9369647 |
||
| 942 |
_h"X62.21.N61r, K1/GD" _cCC |
||
| 999 |
_c690336 _d690336 |
||